Tadema v Ferguson Holdings Ltd (Record no. 61937)
[ view plain ]
| 000 -LEADER | |
|---|---|
| fixed length control field | 00740cam a2200193 4500 |
| 001 - CONTROL NUMBER | |
| control field | X103067 |
| 008 - FIXED-LENGTH DATA ELEMENTS--GENERAL INFORMATION | |
| fixed length control field | 000000n1999 000 0 eng u |
| 035 ## - SYSTEM CONTROL NUMBER | |
| System control number | (Sirsi) u103067 |
| 245 ## - TITLE STATEMENT | |
| Title | Tadema v Ferguson Holdings Ltd |
| 260 ## - PUBLICATION, DISTRIBUTION, ETC. | |
| Date of publication, distribution, etc. | 1999 |
| 490 ## - SERIES STATEMENT | |
| Series statement | New Property Cases |
| Volume/sequential designation | [1999] NPC 144, 18 November 1999 |
| 520 ## - SUMMARY, ETC. | |
| Summary, etc. | CA 18 November 1999. A notice is properly served at the proper address even although the recipient is suffering from a mental disorder. TAKEN FROM JOURNAL HEADNOTE-NO PHOTOCOPYING ALLOWED |
| 650 ## - SUBJECT ADDED ENTRY--TOPICAL TERM | |
| Topical term or geographic name entry element | FERGUSON V TADEMA HOLDINGS LTD |
| 650 ## - SUBJECT ADDED ENTRY--TOPICAL TERM | |
| Topical term or geographic name entry element | SERVING NOTICES |
| 650 ## - SUBJECT ADDED ENTRY--TOPICAL TERM | |
| Topical term or geographic name entry element | LAW OF PROPERTY ACT 1925 |
| 650 ## - SUBJECT ADDED ENTRY--TOPICAL TERM | |
| Topical term or geographic name entry element | HOUSING ACT 1988 |
| 690 ## - LOCAL SUBJECT ADDED ENTRY--TOPICAL TERM (OCLC, RLIN) | |
| Topical term or geographic name as entry element | LANDLORD AND TENANT-CASE LAW-RESIDENTIAL TENANCIES |
| 942 ## - ADDED ENTRY ELEMENTS (KOHA) | |
| Suppress in OPAC | 0 |
| Withdrawn status | Lost status | Source of classification or shelving scheme | Damaged status | Not for loan | Home library | Current library | Shelving location | Date acquired | Total Checkouts | Full call number | Barcode | Date last seen | Copy number | Price effective from | Koha item type |
|---|---|---|---|---|---|---|---|---|---|---|---|---|---|---|---|
| Dewey Decimal Classification | London | London | Journal article | 09/12/1999 | X103067 | 103067 | 06/08/2019 | 1 | 06/08/2019 | Law report |